[Event "1800 - 2200 Standard Tournament"]
[Site "SchemingMind.com"]
[Date "2006.10.27"]
[Round "-"]
[White "markagodfrey"]
[Black "Aumonde"]
[Result "0-1"]
[WhiteCountry "GBR"]
[BlackCountry "USA"]
[WhiteElo "2131"]
[WhiteRD "72"]
[BlackElo "2244"]
[BlackRD "56"]
[GameID "73757"]

1. e4 e5 2. Nf3 Nc6 3. Bb5 f5 4. Nc3 Nf6 5. Qe2 Be7 6. Bxc6 bxc6 7. Nxe5 O-O 8. exf5 Qe8 9. O-O d5 10. g4 c5
11. Re1 Bd6 12. f4 Bb7 13. b3 d4 14. Na4 Kh8 15. d3 c4 16. dxc4 Rc8 17. c3 Bxe5 18. fxe5 d3 19. Qxd3 Qc6 20. Qd2 Qh1+
21. Kf2 Qg2+ 22. Ke3 Qf3+ 23. Kd4 c5+ 24. Nxc5 Rfd8+ 25. Nd7 Rxd7#
0-1

[Event "1800 - 2200 Standard Tournament"]
[Site "SchemingMind.com"]
[Date "2006.10.26"]
[Round "-"]
[White "Aumonde"]
[Black "markagodfrey"]
[Result "1-0"]
[WhiteCountry "USA"]
[BlackCountry "GBR"]
[WhiteElo "2295"]
[WhiteRD "58"]
[BlackElo "1991"]
[BlackRD "76"]
[GameID "73758"]

1. e4 e5 2. Nf3 Nc6 3. Bb5 Nf6 4. O-O Be7 5. Qe2 d6 6. d4 exd4 7. Nxd4 Bd7 8. Nxc6 bxc6 9. Ba4 O-O 10. Nc3 Re8
11. Bb3 d5 12. exd5 Bd6 13. Qd3 Ng4 14. h3 Qh4 15. Bd2 Rab8 16. Rae1 Bh2+ 17. Kh1 Bd6 18. dxc6 Rxe1 19. Bxe1 Bxc6 20. Bxf7+ Kxf7
21. Qc4+ Kg6 22. Qe6+ Qf6 23. Qxg4+ Qg5 24. Qxg5+ Kxg5 25. Nd1 Be4 26. Bc3 Bxc2 27. Ne3 Be4 28. Bxg7 Bf4 29. f3 Bb7 30. Ng4 Kf5
31. Re1 Rd8 32. Bh6 Bg3 33. Rc1 Kg6 34. Be3 h6 35. Bxh6 Rd6 36. Be3 a5 37. b3 Rd5 38. f4 c5 39. Kg1 Kf5 40. Rxc5 Rxc5
41. Bxc5 Bxf4 42. Bb6 Bd2 43. Kf2 Be4 44. g3 Bd3 45. Kf3 Ke6 46. Nf2 Bb1 47. Ke2 Bc3 48. a4 Bc2 49. Nd3 Bb4 50. Nc1 Kf5
51. g4+ Kf4 52. Bc7+ Kg5 53. Bd8+ Kf4 54. Bh4 Bc3 55. Bf2 Bb4 56. Be1
1-0

[Event "1800 - 2200 Standard Tournament"]
[Site "SchemingMind.com"]
[Date "2006.11.05"]
[Round "-"]
[White "Mariazb"]
[Black "markagodfrey"]
[Result "1-0"]
[WhiteCountry "ARG"]
[BlackCountry "GBR"]
[WhiteElo "2348"]
[WhiteRD "67"]
[BlackElo "1991"]
[BlackRD "76"]
[GameID "75030"]

1. e4 e5 2. Nf3 Nc6 3. Bb5 Nf6 4. O-O Nxe4 5. d4 Nd6 6. Bxc6 dxc6 7. dxe5 Nf5 8. Qxd8+ Kxd8 9. Nc3 h6 10. Rd1+ Ke8
11. Ne2 Be7 12. Bf4 Be6 13. Nfd4 Nxd4 14. Nxd4 Bd5 15. Rd2 g5 16. Be3 f6 17. Nb5 cxb5 18. exf6 Bxf6 19. Rxd5 c6 20. Rf5 Bxb2
21. Re1 Kd8 22. Rf7 b6 23. f4 Bc3 24. Rd1+ Ke8 25. Rdd7 gxf4 26. Rde7+ Kd8 27. Bf2 Bb4 28. Re6 Bc5 29. Bxc5 bxc5 30. Rxc6 c4
31. Kf2 h5 32. Kf3 h4 33. Kxf4 a5 34. Rcc7 Rg8 35. Rfd7+ Ke8 36. Rh7 Kd8 37. Rb7 b4 38. Kf3 c3 39. Rxh4 Rf8+ 40. Kg3 Rg8+
41. Kh3 Kc8 42. Rhh7
1-0

[Event "1800 - 2200 Standard Tournament"]
[Site "SchemingMind.com"]
[Date "2006.11.05"]
[Round "-"]
[White "Mariazb"]
[Black "Aumonde"]
[Result "1/2-1/2"]
[WhiteCountry "ARG"]
[BlackCountry "USA"]
[WhiteElo "2348"]
[WhiteRD "67"]
[BlackElo "2295"]
[BlackRD "58"]
[GameID "75031"]

1. e4 e5 2. Nf3 Nc6 3. Bb5 Nd4 4. Nxd4 exd4 5. O-O Bc5 6. b4 Bxb4 7. Bb2 Bc5 8. Qh5 Qe7 9. e5 c6 10. Bc4 Nh6
11. d3 d5 12. exd6 Bxd6 13. h3 O-O 14. Bxd4 Nf5 15. Bc3 Bc5 16. Qf3 Qg5 17. Bd2 Qg6 18. c3 Be6 19. Bb3 Rfe8 20. Bf4 Rad8
21. Rd1 h6 22. g4 Nd4 23. cxd4 Bxd4 24. Nd2 Bxa1 25. Rxa1 Bxb3 26. Nxb3 Rxd3 27. Be3 b6 28. Nd4 c5 29. Nf5 Qe6 30. Qf4 Ra3
31. Rd1 Rxa2 32. Rd6 Qe5 33. Qxe5 Rxe5 34. Rd8+ Kh7 35. Rd7 Kg6 36. Ne7+ Kf6 37. Ng8+ Ke6 38. Re7+ Kd5 39. Rxf7 c4 40. Rd7+ Kc6
41. Rf7 c3 42. Ne7+ Kb5 43. Nf5 g6 44. Nd4+ Kc4 45. Kf1 c2 46. Nxc2 Rxc2 47. Rxa7 Rb2 48. Bxh6 Re4 49. Be3 Kd5 50. Rg7 Re6
51. h4 Rb4 52. h5 Rxg4 53. h6 Rh4 54. Rb7 Rd6 55. Kg2 Kc4 56. Rc7+ Kd3 57. Rc1 Re6 58. Rd1+ Kc3 59. Rc1+ Kb3 60. Rb1+ Kc4
61. Rc1+ Kb5 62. Kg3 Rh5 63. Kg4 Rc6 64. Rb1+ Ka6 65. Rd1 Re6 66. Rd7 Rh1 67. h7 Kb5 68. Bf4= Kc4 69. Rc7+ Kd3 70. Rd7+ Kc2
71. Rc7+ Kb3 72. Rb7 Ka4 73. Ra7+= Kb4 74. Rc7 Re4 75. Kg5 Kb5 76. Rf7 Re6 77. Kg4 Rh5 78. Rg7 Re4 79. Kf3 Rb4 80. Be3 Ka6
81. Kg2 Rb1 82. Kf3 g5 83. Kg4 Rbh1 84. Rg6 R1h4+ 85. Kf5 g4+ 86. Kf4 Rb5 87. Rg7 Ra5 88. Kg3 Rah5 89. Rg6 Rxh7 90. Rxb6+ Ka5
91. Rb1 Ka4 92. Bg5 Rh2=
1/2-1/2

[Event "1800 - 2200 Standard Tournament"]
[Site "SchemingMind.com"]
[Date "2006.11.07"]
[Round "-"]
[White "markagodfrey"]
[Black "Mariazb"]
[Result "0-1"]
[WhiteCountry "GBR"]
[BlackCountry "ARG"]
[WhiteElo "1991"]
[WhiteRD "76"]
[BlackElo "2348"]
[BlackRD "67"]
[GameID "75032"]

1. e4 e5 2. Nf3 Nc6 3. Bb5 Nf6 4. Nc3 Bc5 5. O-O O-O 6. Nxe5 Re8 7. Nf3 Nxe4 8. d4 Nxc3 9. bxc3 Bb6 10. Qd3 d5
11. Ng5 g6 12. Qg3 Bf5 13. Be3 Bxc2 14. Qh4 h5 15. Rac1 Bf5 16. Qg3 a6 17. Ba4 f6 18. Nf3 g5 19. Nd2 Re6 20. h4 g4
21. Rfe1 Ne7 22. Bf4 Rxe1+ 23. Rxe1 c6 24. Bd6 Ng6 25. Nb3 Qd7 26. Nc5 Bxc5 27. Bxc5 Re8 28. Rxe8+ Qxe8 29. Bb3 b5 30. Kh2 Be4
31. f3 gxf3 32. gxf3 Bd3 33. Qf2 f5 34. f4 Be2 35. a4 Bg4 36. axb5 axb5 37. Bc2 Qd8 38. Bd3 Nxh4 39. Qe3 Nf3+ 40. Kg2 Kf7
41. Qf2 Qf6
0-1

[Event "1800 - 2200 Standard Tournament"]
[Site "SchemingMind.com"]
[Date "2006.11.04"]
[Round "-"]
[White "Aumonde"]
[Black "Mariazb"]
[Result "1/2-1/2"]
[WhiteCountry "USA"]
[BlackCountry "ARG"]
[WhiteElo "2254"]
[WhiteRD "55"]
[BlackElo "2267"]
[BlackRD "65"]
[GameID "75033"]

1. e4 e5 2. Nf3 Nc6 3. Bb5 Nf6 4. Bxc6 dxc6 5. d3 Bd6 6. O-O O-O 7. h3 Be6 8. Bg5 h6 9. Bh4 Qe7 10. Nbd2 Rad8
11. d4 g5 12. dxe5 Bxe5 13. Nxe5 gxh4 14. Nd3 Kh7 15. Qf3 Nd7 16. Rad1 Rg8 17. Rfe1 Nc5 18. Nf4 Na4 19. Nxe6 fxe6 20. Nc4 Rdf8
21. Qb3 Nc5 22. Qa3 Qg5 23. Ne3 Rf3 24. Kf1 Rf4 25. Re2 Nxe4 26. Kg1 Rg7 27. Qd3 Qg6 28. Ng4 Ng5 29. Qxg6+ Kxg6 30. Kh2 Re7
31. Rde1 h5 32. Ne5+ Kf5 33. f3 Kf6 34. Nd3 Rf5 35. b4 a5 36. a3 axb4 37. axb4 Rd5 38. Re3 Re8 39. R1e2 b6 40. Ne5 c5
41. bxc5 bxc5 42. Nd3 Re7 43. Re1 c4 44. Ne5 Rd2 45. c3 Ra2 46. Nxc4 Rg7 47. R3e2 Rxe2 48. Rxe2 Rd7 49. Rc2 Rd3 50. Nb2 Rd5=
1/2-1/2

[Event "1800 - 2200 Standard Tournament"]
[Site "SchemingMind.com"]
[Date "2006.11.14"]
[Round "-"]
[White "ekulrac"]
[Black "markagodfrey"]
[Result "0-1"]
[WhiteCountry "SCO"]
[BlackCountry "GBR"]
[WhiteElo "1711"]
[WhiteRD "53"]
[BlackElo "2131"]
[BlackRD "72"]
[GameID "76331"]

1. e4 e5 2. Nf3 Nc6 3. Bb5 Nf6 4. Bxc6 dxc6 5. O-O Bg4 6. d3 Bd6 7. Bg5 h6 8. Bh4 g5 9. Bg3 Nh5 10. Nbd2 Nxg3
11. fxg3 Qd7 12. a3 O-O-O 13. b4 h5 14. Qb1 h4 15. a4 hxg3 16. Nc4 Rxh2 17. Nxh2 Bc5+ 18. bxc5 Qd4+
0-1

[Event "1800 - 2200 Standard Tournament"]
[Site "SchemingMind.com"]
[Date "2006.11.15"]
[Round "-"]
[White "ekulrac"]
[Black "Aumonde"]
[Result "0-1"]
[WhiteCountry "SCO"]
[BlackCountry "USA"]
[WhiteElo "1702"]
[WhiteRD "59"]
[BlackElo "2212"]
[BlackRD "60"]
[GameID "76332"]

1. e4 e5 2. Nf3 Nc6 3. Bb5 d6 4. h3 Bd7 5. d4 exd4 6. Nxd4 Nf6 7. O-O Be7 8. Nf5 Bxf5 9. exf5 d5 10. Bf4 O-O
11. Bxc6 bxc6 12. g4 Rb8 13. b3 Ne4 14. Be5 Bf6 15. Qd4 Bxe5 16. Qxe5 Re8 17. Qb2 Qh4 18. Kg2 Nxf2 19. Rxf2 Re3 20. c4 Qxh3+
21. Kg1 Re1+
0-1

[Event "1800 - 2200 Standard Tournament"]
[Site "SchemingMind.com"]
[Date "2006.11.12"]
[Round "-"]
[White "ekulrac"]
[Black "Mariazb"]
[Result "0-1"]
[WhiteCountry "SCO"]
[BlackCountry "ARG"]
[WhiteElo "1702"]
[WhiteRD "59"]
[BlackElo "2128"]
[BlackRD "81"]
[GameID "76333"]

1. e4 e5 2. Nf3 Nc6 3. Bb5 Nf6 4. O-O Be7 5. Nc3 O-O 6. Nd5 Nxe4 7. Bxc6 dxc6 8. Nxe7+ Qxe7 9. Re1 Nd6 10. Nxe5 Re8
11. Nd3 Qf6 12. Rxe8+ Nxe8 13. f3 Bf5 14. Nf2 Nd6 15. d3 Re8 16. Ne4 Qd4+ 17. Nf2 Qe5 18. Ne4 Bxe4 19. dxe4 f5 20. Bd2 Qxb2
21. Rb1 Qd4+ 22. Kh1 fxe4 23. Rb4 Qf2 24. fxe4 Nxe4
0-1

[Event "1800 - 2200 Standard Tournament"]
[Site "SchemingMind.com"]
[Date "2006.11.13"]
[Round "-"]
[White "markagodfrey"]
[Black "ekulrac"]
[Result "1-0"]
[WhiteCountry "GBR"]
[BlackCountry "SCO"]
[WhiteElo "2129"]
[WhiteRD "72"]
[BlackElo "1712"]
[BlackRD "49"]
[GameID "76334"]

1. e4 e5 2. Nf3 Nc6 3. Bb5 Nf6 4. O-O d6 5. d4 Bg4 6. d5 a6 7. Be2 Nb8 8. Nc3 Be7 9. h3 Bh5 10. Be3 O-O
11. Qd3 b5 12. a3 Nbd7 13. b4 h6 14. a4 Nxe4 15. Nxe4 f5 16. Ng3 Bxf3 17. Bxf3 f4 18. Nf5 fxe3 19. axb5 Bf6 20. Rxa6 exf2+
21. Rxf2 e4 22. Qxe4 Rb8 23. Be2 Re8 24. Nxh6+ gxh6 25. Qg6+ Bg7 26. Rf7 Qf6 27. Rxf6 Nxf6 28. Bc4 Re7 29. Ra7 Rbe8 30. Rb7 Re1+
31. Kh2 R1e7 32. Bd3 Ra8 33. b6 Rc8 34. Bf5
1-0

[Event "1800 - 2200 Standard Tournament"]
[Site "SchemingMind.com"]
[Date "2006.11.12"]
[Round "-"]
[White "Mariazb"]
[Black "ekulrac"]
[Result "1-0"]
[WhiteCountry "ARG"]
[BlackCountry "SCO"]
[WhiteElo "2128"]
[WhiteRD "81"]
[BlackElo "1702"]
[BlackRD "59"]
[GameID "76336"]

1. e4 e5 2. Nf3 Nc6 3. Bb5 Nf6 4. Nc3 Bc5 5. O-O d6 6. d4 exd4 7. Nxd4 Bd7 8. Nb3 Bb6 9. Bg5 a6 10. Bc4 Ne5
11. Be2 h6 12. Bxf6 Qxf6 13. Nd5 Qg6 14. Bh5 Qh7 15. Nxb6 cxb6 16. Qxd6 Ng6 17. Rad1 Bc6 18. f4
1-0

[Event "1800 - 2200 Standard Tournament"]
[Site "SchemingMind.com"]
[Date "2006.11.22"]
[Round "-"]
[White "Marvol"]
[Black "markagodfrey"]
[Result "0-1"]
[WhiteCountry "GBR"]
[BlackCountry "GBR"]
[WhiteElo "1849"]
[WhiteRD "98"]
[BlackElo "2120"]
[BlackRD "70"]
[GameID "77949"]

1. e4 e5 2. Nf3 Nc6 3. Bb5 Nf6 4. O-O Nxe4 5. d4 Nd6 6. Bxc6 dxc6 7. dxe5 Nf5 8. Qxd8+ Kxd8 9. Nc3 Ke8 10. h3 a5
11. b3 Be6 12. Ng5 Nd4 13. Nxe6 fxe6 14. Bg5 Nxc2 15. Rac1 Nb4 16. Rfd1 Nd5 17. Nxd5 exd5 18. g3 Kd7 19. Be3 Ke6 20. f4 a4
21. bxa4 Rxa4 22. Rc2 Re4 23. Kf2 g5 24. Rd4 Rxd4 25. Bxd4 gxf4 26. g4 Bg7 27. Kf3 Ra8
0-1

[Event "1800 - 2200 Standard Tournament"]
[Site "SchemingMind.com"]
[Date "2006.11.22"]
[Round "-"]
[White "Marvol"]
[Black "Aumonde"]
[Result "0-1"]
[WhiteCountry "GBR"]
[BlackCountry "USA"]
[WhiteElo "1951"]
[WhiteRD "120"]
[BlackElo "2254"]
[BlackRD "57"]
[GameID "77950"]

1. e4 e5 2. Nf3 Nc6 3. Bb5 g6 4. d4 exd4 5. Bg5 f6 6. Bf4 g5 7. Bg3 h5 8. h4 Qe7 9. O-O Qb4 10. Bxc6 Qxb2
11. Qxd4 Qxd4 12. Nxd4 dxc6 13. Bxc7 gxh4 14. Nd2 h3 15. g3 h4 16. Kh2 Rh7 17. Ba5 Nh6 18. N2f3 Ng4+ 19. Kh1 hxg3 20. fxg3 Bd6
21. Nh2 Ne3 22. Rf2 Bxg3 23. Rf3 Be5 24. Bc3 Bxd4 25. Bxd4 Nxc2
0-1

[Event "1800 - 2200 Standard Tournament"]
[Site "SchemingMind.com"]
[Date "2006.11.23"]
[Round "-"]
[White "Marvol"]
[Black "Mariazb"]
[Result "0-1"]
[WhiteCountry "GBR"]
[BlackCountry "ARG"]
[WhiteElo "1849"]
[WhiteRD "98"]
[BlackElo "2267"]
[BlackRD "65"]
[GameID "77951"]

1. e4 e5 2. Nf3 Nc6 3. Bb5 Nf6 4. O-O Bc5 5. Nxe5 O-O 6. Bxc6 dxc6 7. d3 Qd6 8. Nc4 Qe6 9. Be3 Nxe4 10. Re1 Qd5
11. Bxc5 Nxc5 12. Nbd2 f6 13. Nf3 Bg4 14. Re3 Ne6 15. Qd2 Rad8 16. b3 Nf4 17. Re4 Nh3+ 18. Kf1 Bxf3 19. gxf3 g5 20. Ne3 Qd6
21. Kg2 f5 22. Ra4 Qh6 23. Rxa7 Nf4+ 24. Kg1 Qh3 25. Qd1 Rf6 26. Qf1 Qxf3 27. Ng2 Re8 28. Nxf4 gxf4 29. Qg2+ Rg6
0-1

[Event "1800 - 2200 Standard Tournament"]
[Site "SchemingMind.com"]
[Date "2006.11.21"]
[Round "-"]
[White "Marvol"]
[Black "ekulrac"]
[Result "1-0"]
[WhiteCountry "GBR"]
[BlackCountry "SCO"]
[WhiteElo "1987"]
[WhiteRD "132"]
[BlackElo "1711"]
[BlackRD "53"]
[GameID "77952"]

1. e4 e5 2. Nf3 Nc6 3. Bb5 d6 4. d4 Bg4 5. d5 a6 6. Ba4 b5 7. dxc6 bxa4 8. c4 Nf6 9. Nc3 Be7 10. Qxa4 Bxf3
11. gxf3 O-O 12. Nd5 Nxd5 13. cxd5 f5 14. Be3 f4 15. Bd2 Bh4 16. Rc1 Rf6 17. Ke2 Rh6 18. Rcg1 Qb8 19. b3 Qb6 20. Rf1 Rg6
21. Qb4 Qxb4 22. Bxb4 a5 23. Bd2 a4 24. b4 Rb8 25. Rhg1 Kf7 26. Rxg6 Kxg6 27. Rd1 Bf6 28. Kd3 Bh4 29. Rg1+ Kf6 30. Be1 Bg5
31. Kc4 h5 32. b5 a3 33. Ba5 Rc8 34. b6
1-0

[Event "1800 - 2200 Standard Tournament"]
[Site "SchemingMind.com"]
[Date "2006.11.22"]
[Round "-"]
[White "markagodfrey"]
[Black "Marvol"]
[Result "1-0"]
[WhiteCountry "GBR"]
[BlackCountry "GBR"]
[WhiteElo "2120"]
[WhiteRD "70"]
[BlackElo "1849"]
[BlackRD "98"]
[GameID "77953"]

1. e4 e5 2. Nf3 Nc6 3. Bb5 g6 4. Bxc6 dxc6 5. b3 c5 6. O-O f6 7. Bb2 Ne7 8. Ne1 Nc6 9. Nd3 Bd6 10. Na3 Be6
11. Nc4 Bxc4 12. bxc4 Na5 13. Rb1 Nxc4 14. Bc3 b6 15. f4 Qd7 16. fxe5 fxe5 17. Qe2 O-O-O 18. a4 c6 19. Ra1 Kb7 20. Nf2 b5
21. Rfb1 Nb6 22. axb5 cxb5 23. Rxb5 Qc6 24. Rba5 Bb8 25. Rxa7+
1-0

[Event "1800 - 2200 Standard Tournament"]
[Site "SchemingMind.com"]
[Date "2006.11.22"]
[Round "-"]
[White "Aumonde"]
[Black "Marvol"]
[Result "1-0"]
[WhiteCountry "USA"]
[BlackCountry "GBR"]
[WhiteElo "2254"]
[WhiteRD "55"]
[BlackElo "1849"]
[BlackRD "98"]
[GameID "77954"]

1. e4 e5 2. Nf3 Nc6 3. Bb5 Nf6 4. Nc3 Bb4 5. O-O O-O 6. d3 Bxc3 7. bxc3 Re8 8. c4 d6 9. Rb1 Bg4 10. Ba4 Qc8
11. Be3 Re6 12. c3 Na5 13. h3 Bh5 14. Qe2 b6 15. Rfe1 c6 16. Bg5 h6 17. Bh4 g5 18. Bg3 Kh8 19. h4 g4 20. Nd2 Bg6
21. Qe3 h5 22. f4 exf4 23. Qxf4 Qd7 24. d4 Nh7 25. d5 Rf6 26. Qe3 Re8 27. Rbd1 b5 28. dxc6 Nxc6 29. cxb5 Ne5 30. Qd4 Qb7
31. b6 Re7 32. Bxe5 Rxe5 33. bxa7
1-0

[Event "1800 - 2200 Standard Tournament"]
[Site "SchemingMind.com"]
[Date "2006.11.23"]
[Round "-"]
[White "Mariazb"]
[Black "Marvol"]
[Result "1-0"]
[WhiteCountry "ARG"]
[BlackCountry "GBR"]
[WhiteElo "2267"]
[WhiteRD "65"]
[BlackElo "1849"]
[BlackRD "98"]
[GameID "77955"]

1. e4 e5 2. Nf3 Nc6 3. Bb5 Bc5 4. c3 Nf6 5. O-O O-O 6. d4 Bb6 7. dxe5 Nxe4 8. Qd5 Nc5 9. b4 Ne6 10. Bd3 Ne7
11. Qe4 Ng6 12. Na3 d5 13. exd6 cxd6 14. Bc2 d5 15. Qd3 Qf6 16. h4 h5 17. Qxd5 Qxc3 18. Rb1 Nef4 19. Bxf4 Nxf4 20. Qe4 Ng6
21. Ng5 Qd4 22. Qxd4 Bxd4 23. Nb5 Bb6 24. Nd6 Nxh4 25. Rbe1 Bc7 26. Bh7+
1-0

[Event "1800 - 2200 Standard Tournament"]
[Site "SchemingMind.com"]
[Date "2006.11.22"]
[Round "-"]
[White "ekulrac"]
[Black "Marvol"]
[Result "1-0"]
[WhiteCountry "SCO"]
[BlackCountry "GBR"]
[WhiteElo "1711"]
[WhiteRD "50"]
[BlackElo "1849"]
[BlackRD "98"]
[GameID "77956"]

1. e4 e5 2. Nf3 Nc6 3. Bb5 f5 4. d3 fxe4 5. dxe4 Nf6 6. O-O d6 7. Nc3 a6 8. Bxc6+ bxc6 9. h3 Be7 10. Nh2 O-O
11. f4 Qe8 12. Be3 a5 13. fxe5 dxe5 14. a3 c5 15. Nd5 Bd6 16. c4 Nxd5 17. cxd5 Rxf1+ 18. Qxf1 Rb8 19. Qf2 c4 20. Rf1 Rb3
21. Bc1 Qe7 22. Bg5 Qf8 23. Qh4 Bc5+ 24. Kh1 Qe8 25. Nf3 Bd4 26. Nxd4 exd4 27. Qf4 Rxb2 28. e5 c5 29. e6 Re2 30. Be7 h6
31. Qf7+
1-0

[Event "1800 - 2200 Standard Tournament"]
[Site "SchemingMind.com"]
[Date "2006.11.27"]
[Round "-"]
[White "ernesto fonseca"]
[Black "markagodfrey"]
[Result "1-0"]
[WhiteCountry "NCA"]
[BlackCountry "GBR"]
[WhiteElo "1832"]
[WhiteRD "91"]
[BlackElo "1957"]
[BlackRD "91"]
[GameID "78610"]

1. e4 e5 2. Nf3 Nc6 3. Bb5 Nf6 4. Nc3 Nd4 5. Bc4 Bc5 6. O-O d6 7. Na4 O-O 8. Nxc5 Nxf3+ 9. Qxf3 dxc5 10. d3 Qd6
11. Bg5 a5 12. Bxf6 Qxf6 13. Qxf6 gxf6 14. f4 c6 15. fxe5 b5 16. Bb3 a4 17. exf6 axb3 18. axb3 Be6 19. Ra3 Rxa3 20. bxa3 h6
21. Kf2 Ra8 22. Ra1 Kh7 23. Ke3 Kg6 24. Ra2 Kxf6 25. Ra1 Ke5 26. Ra2 c4 27. bxc4 c5 28. c3 Kd6 29. h3
1-0

[Event "1800 - 2200 Standard Tournament"]
[Site "SchemingMind.com"]
[Date "2006.11.27"]
[Round "-"]
[White "ernesto fonseca"]
[Black "Aumonde"]
[Result "0-1"]
[WhiteCountry "NCA"]
[BlackCountry "USA"]
[WhiteElo "1832"]
[WhiteRD "79"]
[BlackElo "2275"]
[BlackRD "60"]
[GameID "78611"]

1. e4 e5 2. Nf3 Nc6 3. Bb5 a6 4. Bxc6 dxc6 5. O-O= f6 6. d4 exd4 7. Nxd4 c5 8. Ne2 Qxd1 9. Rxd1 Bd7 10. Be3 O-O-O
11. Nbc3 Re8 12. Rd2 Bc6 13. Rad1 b6 14. f3 Ne7 15. Nf4 Ng6 16. Nxg6 hxg6 17. Bf4 Be7 18. Nd5 Bd8 19. Bg3 f5 20. Re1 Bd7
21. a3 g5 22. exf5 Rxe1+ 23. Bxe1 Re8 24. Bf2 Bxf5 25. Ne3 Be6 26. c3 a5 27. Bg3 Bf6 28. Kf2 a4 29. h3 Bb3 30. Ng4 Bc4
31. Kg1 Kb7 32. Nf2 Re1+ 33. Kh2 Re7 34. Ne4 Kc6 35. Kg1 Re6 36. Kf2 Be7
0-1

[Event "1800 - 2200 Standard Tournament"]
[Site "SchemingMind.com"]
[Date "2006.11.29"]
[Round "-"]
[White "ernesto fonseca"]
[Black "Mariazb"]
[Result "0-1"]
[WhiteCountry "NCA"]
[BlackCountry "ARG"]
[WhiteElo "1832"]
[WhiteRD "79"]
[BlackElo "2361"]
[BlackRD "72"]
[GameID "78612"]

1. e4 e5 2. Nf3 Nc6 3. Bb5 Nf6 4. O-O Bc5 5. d3 Nd4 6. Nxd4 Bxd4 7. c3 Bb6 8. d4 Qe7 9. Re1 c6 10. Bf1 O-O
11. Bg5 Qe6 12. a4 exd4 13. a5 Bc7 14. Qxd4 Be5 15. Qd2 Re8 16. Na3 h6 17. Bf4 Bxf4 18. Qxf4 Qe5 19. Qxe5 Rxe5 20. Nc4 Rxe4
21. Rxe4 Nxe4 22. f3 Nc5 23. Nd6 Ne6 24. g3 Kf8 25. Bc4 Ke7 26. Rd1 b5 27. Bf1 g6 28. b4 Ba6 29. h4 Rf8 30. h5 gxh5
31. Nf5+ Kf6 32. Nd6 Rd8 33. Bd3 Ke7 34. Be4 Ng7 35. Kf2 Rf8 36. Bf5 Nxf5 37. Nxf5+ Kf6 38. Nd6 Ke6 39. Rd2 f5 40. Ke3 Ke5
41. Rd1 Rg8 42. Kf2 Rg6 43. Nf7+ Ke6
0-1

[Event "1800 - 2200 Standard Tournament"]
[Site "SchemingMind.com"]
[Date "2006.11.26"]
[Round "-"]
[White "ernesto fonseca"]
[Black "ekulrac"]
[Result "1-0"]
[WhiteCountry "NCA"]
[BlackCountry "SCO"]
[WhiteElo "1970"]
[WhiteRD "89"]
[BlackElo "1702"]
[BlackRD "59"]
[GameID "78613"]

1. e4 e5 2. Nf3 Nc6 3. Bb5 d6 4. d4 Bd7 5. dxe5 Nxe5 6. Nxe5 dxe5 7. Qd5 Bd6 8. Qxb7 Bxb5 9. Qxb5+ Kf8 10. Nc3 Nf6
11. O-O Rb8 12. Qa5 g6 13. Qxa7 Kg7 14. Qe3 h5 15. Rd1 Ng4 16. Qg3 f6 17. a4 Rb4 18. h3 Nh6 19. a5 Qa8 20. Qe3 f5
21. b3 fxe4 22. Nd5 Nf5 23. Qg5 Qd8 24. Qxd8 Rxd8 25. Nxb4 Nd4 26. Rxd4 exd4 27. Nc6
1-0

[Event "1800 - 2200 Standard Tournament"]
[Site "SchemingMind.com"]
[Date "2006.11.29"]
[Round "-"]
[White "ernesto fonseca"]
[Black "Marvol"]
[Result "1-0"]
[WhiteCountry "NCA"]
[BlackCountry "GBR"]
[WhiteElo "2009"]
[WhiteRD "89"]
[BlackElo "1951"]
[BlackRD "120"]
[GameID "78614"]

1. e4 e5 2. Nf3 Nc6 3. Bb5 Nf6 4. d3 Bc5 5. O-O d6 6. c3 O-O 7. Nbd2 a6 8. Bxc6 bxc6 9. d4 exd4 10. cxd4 Ba7
11. Re1 c5 12. e5 Nd5 13. dxc5 dxe5 14. Nxe5 Bxc5 15. Ne4 Bb6 16. Nc6 Qd7 17. Qxd5
1-0

[Event "1800 - 2200 Standard Tournament"]
[Site "SchemingMind.com"]
[Date "2006.11.26"]
[Round "-"]
[White "markagodfrey"]
[Black "ernesto fonseca"]
[Result "0-1"]
[WhiteCountry "GBR"]
[BlackCountry "NCA"]
[WhiteElo "1957"]
[WhiteRD "91"]
[BlackElo "1832"]
[BlackRD "91"]
[GameID "78615"]

1. e4 e5 2. Nf3 Nc6 3. Bb5 a6 4. Bxc6 dxc6 5. O-O Bg4 6. h3 Bxf3 7. Qxf3 Qf6 8. Qg3 Bd6 9. d3 Ne7 10. Be3 Ng6
11. Nd2 Nf4 12. Rfe1 Ne6 13. Nf3 Rd8 14. Nh4 c5 15. c3 Rd7 16. Nf5 O-O 17. Rad1 Rfd8 18. Re2 Kh8 19. Red2 b5 20. h4 Bf8
21. h5 h6 22. Kf1 c4 23. d4 exd4 24. cxd4 Bb4 25. Qg4 g6 26. hxg6 Bxd2 27. Rxd2 Qxg6
0-1

[Event "1800 - 2200 Standard Tournament"]
[Site "SchemingMind.com"]
[Date "2006.11.26"]
[Round "-"]
[White "Aumonde"]
[Black "ernesto fonseca"]
[Result "1-0"]
[WhiteCountry "USA"]
[BlackCountry "NCA"]
[WhiteElo "2275"]
[WhiteRD "60"]
[BlackElo "1832"]
[BlackRD "79"]
[GameID "78616"]

1. e4 e5 2. Nf3 Nc6 3. Bb5 a6 4. Bxc6 dxc6 5. O-O f6 6. d4 exd4 7. Nxd4 Qd6 8. Nc3 Bd7 9. Be3 O-O-O 10. Nf5 Bxf5
11. exf5 Qe5 12. Qh5 Bd6 13. Rfe1 Ne7 14. g4 g6 15. Qh4 gxf5 16. f4 Qa5 17. Qxf6 fxg4 18. Ne4 Ng6 19. Rad1 Rhe8 20. Ba7 Rxe4
21. Rxe4 b6 22. Rdd4 Qc5 23. b4 Qxc2 24. Qe6+ Kb7 25. Bxb6 Kxb6 26. Re2 Qc1+ 27. Re1 Qa3 28. Qe2 Kb7 29. Qe3 Qxe3+ 30. Rxe3 Nxf4
31. Rd2 Kb6 32. Kh1 c5 33. bxc5+ Kxc5 34. Re1 h5 35. Rf1 Rf8 36. Rc1+ Kb4 37. Rdc2 h4 38. Rg1
1-0

[Event "1800 - 2200 Standard Tournament"]
[Site "SchemingMind.com"]
[Date "2006.11.30"]
[Round "-"]
[White "Mariazb"]
[Black "ernesto fonseca"]
[Result "1-0"]
[WhiteCountry "ARG"]
[BlackCountry "NCA"]
[WhiteElo "2267"]
[WhiteRD "65"]
[BlackElo "2050"]
[BlackRD "81"]
[GameID "78617"]

1. e4 e5 2. Nf3 Nc6 3. Bb5 a6 4. Bxc6 dxc6 5. O-O Bg4 6. d3 Qf6 7. Nbd2 Bd6 8. b3 Ne7 9. Bb2 c5 10. h3 Bh5
11. g4 Bg6 12. Nc4 Nc6 13. Nfd2 Qh4 14. Nxd6+ cxd6 15. Kg2 h5 16. f4 exf4 17. Rxf4 hxg4 18. Qxg4 Qh6 19. Nc4 Rd8 20. Raf1 b5
21. Ne3 Rd7 22. Qg3 Nd4 23. R1f2 Re7 24. b4 Rb7 25. Rg4 Rd7 26. bxc5 dxc5 27. Bxd4 cxd4 28. Nd5 O-O 29. Rh4 Qc1 30. Qe5 Rxd5
31. exd5 Qa3 32. d6 Qxa2 33. d7
1-0

[Event "1800 - 2200 Standard Tournament"]
[Site "SchemingMind.com"]
[Date "2006.11.25"]
[Round "-"]
[White "ekulrac"]
[Black "ernesto fonseca"]
[Result "0-1"]
[WhiteCountry "SCO"]
[BlackCountry "NCA"]
[WhiteElo "1702"]
[WhiteRD "59"]
[BlackElo "1970"]
[BlackRD "89"]
[GameID "78618"]

1. e4 e5 2. Nf3 Nc6 3. Bb5 a6 4. Bxc6 dxc6 5. O-O f6 6. d3 Bg4 7. Be3 c5 8. Nbd2 Qd7 9. a4 Be6 10. a5 O-O-O
11. Nb3 Bxb3 12. cxb3 Qxd3 13. Qc1 Qxe4 14. Bxc5 Qc6 15. b4 Bxc5 16. bxc5 e4 17. Ne1 Ne7 18. Qe3 Nf5 19. Qh3 Qxc5 20. b4 Qe5
21. Nc2 Rd3 22. Qg4 h5 23. Qg6 Rd7 24. Rab1 Rh6
0-1